Central Library OPAC University of Rajshahi

Ibn Khaldūn : (Record no. 56740)

MARC details
000 -LEADER
fixed length control field 00793pam a2200265 a 4500
001 - CONTROL NUMBER
control field 56740
003 - CONTROL NUMBER IDENTIFIER
rucl marc code BD-RjUL
005 - DATE AND TIME OF LATEST TRANSACTION
control field 20211209080428.0
008 - FIXED-LENGTH DATA ELEMENTS--GENERAL INFORMATION
fixed length control field 161203s1982 enk b 001 0 eng
020 ## - INTERNATIONAL STANDARD BOOK NUMBER
International Standard Book Number 0415035988
035 ## - SYSTEM CONTROL NUMBER
System control number (BD-RjUL)56864
040 ## - CATALOGING SOURCE
Original cataloging agency DLC
Transcribing agency DLC
Modifying agency DLC
-- BD-RjUL
Language of cataloging eng
041 ## - LANGUAGE CODE
Language code of text/sound track or separate title eng
082 00 - DEWEY DECIMAL CLASSIFICATION NUMBER
Classification number 907.202
Edition number 23
Author mark and year ALI 1982
100 1# - MAIN ENTRY--PERSONAL NAME
Personal name ʻAẓmah, Azīz.
9 (RLIN) 168733
245 10 - TITLE STATEMENT
Title Ibn Khaldūn :
Remainder of title an essay in reinterpretation /
Statement of responsibility, etc. Aziz Al-Azmeh.
260 ## - PUBLICATION, DISTRIBUTION, ETC. (IMPRINT)
Place of publication, distribution, etc. London ;
-- New York :
Name of publisher, distributor, etc. Routledge,
Date of publication, distribution, etc. 1982
300 ## - PHYSICAL DESCRIPTION
Pagination xv, 176 p. ;
Size 22 cm.
490 ## - SERIES STATEMENT
Series statement Arabic thought and culture
500 ## - GENERAL NOTE
General note Includes index.
600 00 - SUBJECT ADDED ENTRY--PERSONAL NAME
Personal name Ibn Khaldūn,
Dates associated with a name 1332-1406.
650 #0 - SUBJECT ADDED ENTRY--TOPICAL TERM
Topical term or geographic name as entry element History
General subdivision Philosophy.
9 (RLIN) 168735
830 ## - SERIES ADDED ENTRY--UNIFORM TITLE
Uniform title Arabic thought and culture
942 ## - ADDED ENTRY ELEMENTS (KOHA)
Source of classification or shelving scheme Dewey Decimal Classification
Koha item type Books
Holdings
Lost status Source of classification or shelving scheme Damaged status Not for loan Collection code Permanent Location Current Location Shelving location Date acquired Source of acquisition Cost, normal purchase price Total Checkouts Full call number Date last seen Copy number Koha item type
  Dewey Decimal Classification   Not For Loan Non-fiction Central Library, University of Rajshahi Central Library, University of Rajshahi Reading Room 11/02/1996 Zeitlinger 674.00   907.202 ALI 1982 03/12/2016 C-1 Books